000 00666nam a2200241Ia 4500
005 20260121112627.0
008 7506 260114s9999 xx 000 0 eng d
020 _a9789812708977
037 _aEBOOK
040 _aCRL
_beng
_cCRL
041 _aeng
_2eng
084 _qCRL
100 _aChaitin Gregory J
_9960635
245 0 _aThinking About Godel and Turing: Essays on Complexity, 1970–2007
260 _bWorld Scientific
260 _bWSPC
260 _c2007
650 _aComputer Science
_9960636
856 _uhttps://www.worldscientific.com/worldscibooks/10.1142/6536#t=toc
942 _cEBOOK
999 _c1544806
_d1544806